| 000 | 01087nam a22002897a 4500 | ||
|---|---|---|---|
| 003 | EG-GICUC | ||
| 005 | 20260121101334.0 | ||
| 008 | 251123s1972 ua a|||fr|||| 000 0 ara d | ||
| 040 |
_a EG-GICUC _bara _c EG-GICUC _d EG-GICUC _erda |
||
| 082 | 0 | 4 |
_221 _a352.110568 _bم ي . ن |
| 092 | 0 | 4 | _221 |
| 099 | _aLaw1 09 352.110568 م ي . ن | ||
| 100 | 1 |
_aميخائيل جميعان _eمؤلف. |
|
| 245 | 1 | 0 |
_aنظام الإدارة في الأردن وتطوره / _cميخائيل جميعان. |
| 264 | 1 |
_aالقاهرة : _bالمنظمة العربية للعلوم الإدارية، _c1972. |
|
| 300 |
_a94 :صفحة _bإيضاحيات، خرائط ؛ _c24 سم. |
||
| 336 |
_2rda content _atext |
||
| 337 |
_2rda media _aComputer |
||
| 338 |
_2rda carrier _aOnline Resource |
||
| 500 | _aيشتمل على ايضاحيات، خرائط. | ||
| 546 | _aالنص باللغة العربية | ||
| 650 | 1 | 4 |
_aالإدارة المحلية _2qrmak |
| 651 | 1 | _2qrmak | |
| 856 | 4 | 0 | _uhttps://fll.law.cu.edu.eg/fulltext/bks/b07-00091.pdf |
| 905 | _a78 | ||
| 942 |
_2ddc _cBK _e21 _n0 |
||
| 999 |
_c45446 _d45446 |
||